Fr. Conceicao Rodrigues College of Engineering

CHANGE YOUR THINKING (Record no. 18800)

MARC details
000 -LEADER
fixed length control field 00310nam a2200145Ia 4500
082 ## - DEWEY DECIMAL CLASSIFICATION NUMBER
Classification number 170/TRA
100 ## - MAIN ENTRY--PERSONAL NAME
Personal name TRACY/BRIAN
245 ## - TITLE STATEMENT
Title CHANGE YOUR THINKING
260 ## - PUBLICATION, DISTRIBUTION, ETC.
Name of publisher, distributor, etc. MANJUL PUBL.
Place of publication, distribution, etc. New Delhi
Date of publication, distribution, etc. 2011
366 ## - TRADE AVAILABILITY INFORMATION
Publishers's discount category 20
300 ## - PHYSICAL DESCRIPTION
Extent 304
546 ## - LANGUAGE NOTE
Language note ENGLISH
650 ## - SUBJECT ADDED ENTRY--TOPICAL TERM
Topical term or geographic name entry element Communication skills
942 ## - ADDED ENTRY ELEMENTS (KOHA)
Koha item type BOOK
Holdings
Withdrawn status Lost status Damaged status Not for loan Collection Home library Current library Date acquired Cost, normal purchase price Inventory number Total Checkouts Full call number Barcode Date last seen Cost, replacement price Price effective from Koha item type
        AFT Fr. Agnel's C.Rodrigues College of Engineering Fr. Agnel's C.Rodrigues College of Engineering 17/03/2023 156.00 58/20/04/2013   170/TRA AFT8216 17/03/2023 195.00   BOOK